Přesun rizik ze státu na fyzické a právnické osoby.
Prevod vlastníckych práv štátu formou privatizácie alebo reštitúcie na iné subjekty. Funkcia štátu v podmienkach štátneho vlastníctva. Postavenie podnikov, ktoré patria štátu. Nové postavenie štátu. Nové postavenie súkromného podniku. Funkcie súkromného podniku.
Salvato in:
| Autore principale: | |
|---|---|
| Natura: | Capitolo di libro |
| Lingua: | ceco |
| Soggetti: | |
| Tags: |
Nessun Tag, puoi essere il primo ad aggiungerne!!
|
MARC
| LEADER | 00000naa a2200000 4500 | ||
|---|---|---|---|
| 001 | r012005 | ||
| 005 | 20220826093859.6 | ||
| 041 | 0 | |a cze | |
| 044 | |a CZ | ||
| 245 | 1 | 0 | |a Přesun rizik ze státu na fyzické a právnické osoby. |c J. Ježdík |
| 520 | |a Prevod vlastníckych práv štátu formou privatizácie alebo reštitúcie na iné subjekty. Funkcia štátu v podmienkach štátneho vlastníctva. Postavenie podnikov, ktoré patria štátu. Nové postavenie štátu. Nové postavenie súkromného podniku. Funkcie súkromného podniku. | ||
| 610 | 2 | 0 | |a vlastníctvo |
| 610 | 2 | 0 | |a privatizácia |
| 610 | 2 | 0 | |a reštitúcia |
| 610 | 2 | 0 | |a štát |
| 610 | 2 | 0 | |a riziko |
| 610 | 2 | 0 | |a podnik štátny |
| 610 | 2 | 0 | |a podnik súkromný |
| 100 | 1 | |a Ježdík, J. | |